000 00631nam a2200217Ia 4500
005 20241129115704.0
008 241129s9999||||xx |||||||||||||| ||und||
020 _a9789391928926
037 _aTB
040 _aSDCL
_beng
_cSDCL
041 _aeng
_2eng
084 _aV:(Q6).2'L R3
_qSDCL
100 _aNag Sajal Ed.; Kumar M. Satish Ed.
_9726596
245 0 _aEncounter and interventions : Christian missionaries in colonial North-East India
260 _aNew Delhi
_bManohar
_c2023
300 _a646p.
365 _aINR
_b3100
650 _aHistory
942 _cTB
_hV:(Q6).2'L R3
999 _c1231571
_d1231571